| 000 | 00615nam a2200253Ia 4500 | ||
|---|---|---|---|
| 005 | 20250425160741.0 | ||
| 008 | 250425s9999 xx 000 0 und d | ||
| 020 | _a9684229925 | ||
| 041 | _aspa | ||
| 082 | _a519.5 | ||
| 100 | _aWALPOLE, RONALD E | ||
| 245 | 0 | _aPROBABILIDAD Y ESTADISTICA | |
| 250 | _a4A ED. | ||
| 260 | _aMEXICO | ||
| 260 |
_aMéxico _bMCGRAW HILL _c1992 |
||
| 300 | _a797 | ||
| 650 | _aANALISIS DE REGRESION | ||
| 650 | _aESTADISTICAS | ||
| 650 | _aPROBABILIDADES | ||
| 700 |
_aGERARDO MALDONADO V. _etraductor |
||
| 700 | _aMYERS, RAYMOND H. | ||
| 942 | _c01 | ||
| 010 | _a4364 | ||
| 999 |
_c195393 _d195393 |
||